[Event "Morbihan-ch 1213"]
[Site "France"]
[Date "2013.03.16"]
[Round "6"]
[White "Orgel, Jean Marc"]
[Black "Le Coz, Yannick"]
[Result "0-1"]
[WhiteElo "1260"]
[BlackElo "1595"]
[PlyCount "80"]
[EventDate "2012.10.27"]
[EventType "swiss"]
[EventRounds "7"]
[EventCountry "FRA"]
[SourceTitle "EXT 2014"]
[Source "ChessBase"]
[SourceDate "2013.11.20"]
[SourceVersion "1"]
[SourceVersionDate "2013.11.20"]
[SourceQuality "1"]

1. e4 e5 2. Nf3 Nc6 3. Bc4 Bc5 4. 0-0 d6 5. Nc3 Bg4 6. h3 Bh5 7. Nd5 Nd4 8. g4 Bg6 9. d3 c6 10. Ne3 b5 11. b4 Bxb4 12. Nxd4 exd4 13. Bd2 Bxd2 14. Qxd2 dxe3 15. Qc3 exf2+ 16. Rxf2 Nf6 17. Bb3 0-0 18. g5 Nh5 19. Qxc6 Qxg5+ 20. Rg2 Qe3+ 21. Kf1 Ng3+ 22. Rxg3 Qxg3 23. e5 dxe5 24. Qg2 Bxd3+ 25. cxd3 Qxd3+ 26. Qe2 Qxh3+ 27. Qg2 Qxg2+ 28. Kxg2 a5 29. Re1 Rfe8 30. Bd5 Rac8 31. Rf1 Re7 32. Rh1 g6 33. Be4 f5 34. Bd5+ Kg7 35. Kf2 b4 36. Bb3 e4 37. Ke3 Rd7 38. Be6 Rd3+ 39. Kf4 Rcc3 40. Rf1 Kf6 0-1

[Event "Brest op"]
[Site "Brest"]
[Date "2011.05.23"]
[Round "2"]
[White "Guillerm, Mischa"]
[Black "Le Coz, Yannick"]
[Result "1-0"]
[WhiteElo "1912"]
[BlackElo "1666"]
[PlyCount "55"]
[EventDate "2011.04.23"]
[EventType "swiss"]
[EventRounds "5"]
[EventCountry "FRA"]
[SourceTitle "EXT 2012"]
[Source "ChessBase"]
[SourceDate "2011.11.24"]
[SourceVersion "1"]
[SourceVersionDate "2011.11.24"]
[SourceQuality "1"]

1. d4 Nf6 2. c4 e5 3. dxe5 Ne4 4. Nf3 d6 5. g3 Nc6 6. Bg2 dxe5 7. Nfd2 Nxd2 8. Bxd2 Bd7 9. Nc3 Bb4 10. a3 Bxc3 11. Bxc3 Qe7 12. 0-0 Rd8 13. Qc1 0-0 14. b4 b6 15. Qb2 f6 16. Bd5+ Kh8 17. f4 a5 18. Rf2 Be8 19. fxe5 fxe5 20. Rxf8+ Qxf8 21. Rf1 Qe7 22. Bxe5 Bd7 23. Bc3 axb4 24. axb4 Qe3+ 25. Kh1 Qg5 26. Rf7 Be6 27. Bxe6 Rd1+ 28. Kg2 1-0

[Event "Morbihan-ch 1011"]
[Site "Morbihan"]
[Date "2011.04.09"]
[Round "7.16"]
[White "Le Coz, Yannick"]
[Black "Biderbost, Marc"]
[Result "1-0"]
[WhiteElo "1679"]
[BlackElo "1499"]
[PlyCount "93"]
[EventDate "2010.10.09"]
[EventType "swiss"]
[EventRounds "7"]
[EventCountry "FRA"]
[SourceTitle "EXT 2014"]
[Source "ChessBase"]
[SourceDate "2013.11.20"]
[SourceVersion "1"]
[SourceVersionDate "2013.11.20"]
[SourceQuality "1"]

1. e4 Nc6 2. d4 d6 3. Bb5 Bd7 4. f4 e5 5. Bxc6 bxc6 6. Nf3 Nf6 7. Qd3 exd4 8. Qxd4 d5 9. exd5 cxd5 10. 0-0 Be7 11. Re1 0-0 12. h3 c5 13. Qd2 Bc6 14. Ne5 Qd6 15. Nxc6 Ne4 16. Nxe7+ Qxe7 17. Qxd5 Rad8 18. Qxe4 Qxe4 19. Rxe4 Rd1+ 20. Kf2 Rxc1 21. Re1 Rxc2+ 22. Kf1 Rd8 23. Nc3 Kf8 24. Rad1 Rd4 25. Kg1 g6 26. Rxd4 cxd4 27. Nd1 d3 28. g3 Rc1 29. Kf2 Rc2+ 30. Ke3 Rg2 31. Kf3 d2 32. Re2 Rxe2 33. Kxe2 Ke7 34. Kxd2 Kd6 35. Kd3 f5 36. Ne3 Kc5 37. a3 a5 38. g4 fxg4 39. hxg4 Kb5 40. f5 gxf5 41. gxf5 Kc6 42. b4 axb4 43. axb4 h5 44. Kc4 h4 45. b5+ Kd7 46. b6 h3 47. Ng4 1-0

[Event "Fouesnant op 15th"]
[Site "Fouesnant"]
[Date "2009.10.25"]
[Round "3"]
[White "Le Coz, Yannick"]
[Black "Delerme, Raymond"]
[Result "1-0"]
[WhiteElo "1679"]
[BlackElo "1908"]
[PlyCount "137"]
[EventDate "2009.10.26"]
[EventType "swiss"]
[EventRounds "9"]
[EventCountry "FRA"]
[SourceTitle "EXT 2010"]
[Source "ChessBase"]
[SourceDate "2010.11.25"]
[SourceVersion "1"]
[SourceVersionDate "2010.11.25"]
[SourceQuality "1"]

1. e4 g6 2. d4 d6 3. f4 Bg7 4. Nf3 Nf6 5. Bb5+ c6 6. Bd3 0-0 7. 0-0 Qc7 8. e5 dxe5 9. dxe5 Nd5 10. Bc4 e6 11. Kh1 b5 12. Bb3 a5 13. a4 Bb7 14. Ng5 h6 15. Ne4 Na6 16. Nd6 b4 17. c4 Ne7 18. Nd2 Nf5 19. N2e4 c5 20. Bc2 Rad8 21. Qg4 Qe7 22. h4 h5 23. Qg5 Qxg5 24. hxg5 Bxe4 25. Nxe4 Rd4 26. b3 Rxe4 27. Bxe4 Ng3+ 28. Kg1 Nxe4 29. Rd1 Nb8 30. Rd3 Nc6 31. Bb2 f6 32. exf6 Bxf6 33. gxf6 Nxf6 34. Rd6 Nd4 35. Bxd4 cxd4 36. Rxd4 Ng4 37. g3 Kf7 38. Rd7+ Kf6 39. c5 Rc8 40. Rc1 Ne3 41. Ra7 Nd5 42. Rxa5 Nc3 43. Kf2 Rc6 44. Rb5 Rc8 45. Rxb4 Na2 46. Rbc4 Nxc1 47. Rxc1 e5 48. fxe5+ Kxe5 49. b4 Kd5 50. c6 Kd6 51. c7 g5 52. b5 Rxc7 53. Rxc7 Kxc7 54. a5 Kb7 55. a6+ Kb6 56. Kf3 Ka7 57. Ke4 Kb6 58. Kf5 h4 59. gxh4 gxh4 60. Kg4 Ka7 61. Kxh4 Kb6 62. Kg5 Ka7 63. Kf6 Kb6 64. Ke6 Ka7 65. Kd7 Kb6 66. Kc8 Ka7 67. Kc7 Ka8 68. Kb6 Kb8 69. a7+ 1-0

[Event "Fouesnant op 15th"]
[Site "Fouesnant"]
[Date "2009.10.24"]
[Round "1"]
[White "Le Coz, Yannick"]
[Black "Migot, Tangi"]
[Result "0-1"]
[WhiteElo "1679"]
[BlackElo "2177"]
[PlyCount "96"]
[EventDate "2009.10.26"]
[EventType "swiss"]
[EventRounds "9"]
[EventCountry "FRA"]
[SourceTitle "EXT 2010"]
[Source "ChessBase"]
[SourceDate "2010.11.25"]
[SourceVersion "1"]
[SourceVersionDate "2010.11.25"]
[SourceQuality "1"]

1. e4 c5 2. Nf3 d6 3. Bb5+ Nc6 4. d4 cxd4 5. Qxd4 Bd7 6. Bxc6 Bxc6 7. 0-0 Nf6 8. e5 dxe5 9. Qxd8+ Rxd8 10. Nxe5 e6 11. Nxc6 bxc6 12. Nd2 Bc5 13. Nb3 Bb6 14. Bg5 Ke7 15. c4 h6 16. Bxf6+ Kxf6 17. c5 Bc7 18. Rad1 e5 19. Nd2 Ke6 20. g3 Rd5 21. Nb3 Rhd8 22. Rde1 f5 23. h3 a5 24. a4 Rd3 25. Nc1 Rd2 26. b3 Rc2 27. Re3 g5 28. Nd3 e4 29. Ne1 Rxc5 30. f3 Rc1 31. Re2 Bxg3 32. Nc2 Rxf1+ 33. Kxf1 Ke5 34. fxe4 fxe4 35. Na3 Rd3 36. Nc4+ Kf4 37. Rb2 Rd1+ 38. Kg2 Be1 39. Re2 h5 40. Kh2 g4 41. hxg4 hxg4 42. Kg2 g3 43. Rb2 Bc3 44. Rc2 Bd4 45. Nd2 Rg1+ 46. Kh3 Rh1+ 47. Kg2 Rh2+ 48. Kf1 g2+ 0-1

[Event "Angers op 4th"]
[Site "Angers"]
[Date "2009.04.19"]
[Round "5"]
[White "Nicolleau, Mathias"]
[Black "Le Coz, Yannick"]
[Result "1-0"]
[WhiteElo "1800"]
[BlackElo "1651"]
[PlyCount "114"]
[EventDate "2009.04.17"]
[EventType "swiss"]
[EventRounds "6"]
[EventCountry "FRA"]
[SourceTitle "CBM 129 Extra"]
[Source "ChessBase"]
[SourceDate "2009.05.05"]
[SourceVersion "2"]
[SourceVersionDate "2009.05.20"]
[SourceQuality "1"]

1. d4 d5 2. c4 c6 3. Nf3 dxc4 4. e4 b5 5. Be2 Nf6 6. Qc2 e6 7. 0-0 Bb7 8. Bg5 h6 9. Be3 Be7 10. Nbd2 Ng4 11. Bf4 0-0 12. h3 Nf6 13. Rfd1 Nbd7 14. b3 cxb3 15. Qxb3 Nb6 16. Rac1 a5 17. Bxb5 cxb5 18. Bc7 Qe8 19. Bxb6 Nxe4 20. Nxe4 Bxe4 21. Ne5 Bd5 22. Qb2 Bd6 23. Bc5 Ra6 24. Bxd6 Rxd6 25. Rc5 f6 26. Ng4 Qh5 27. Qxb5 f5 28. Ne3 f4 29. Ng4 f3 30. Re1 Qg6 31. g3 Qh5 32. Kh2 Qg6 33. Ne5 Qg5 34. Qb2 h5 35. Qc1 Qxc1 36. Rexc1 Ra6 37. a3 a4 38. Ng6 Rb8 39. Ne7+ Kh7 40. Nxd5 exd5 41. Rxd5 Rb2 42. Kg1 Ra2 43. Rc3 Rf6 44. Rxh5+ Kg6 45. g4 Ra1+ 46. Kh2 Rf1 47. Rc2 Rb6 48. Re5 Rbb1 49. Kg3 Rb3 50. Re3 Rg1+ 51. Kxf3 Rb8 52. Rc4 Rf8+ 53. Ke2 Rg2 54. Rf3 Rxf3 55. Kxf3 Rh2 56. Kg3 Rh1 57. Rxa4 Rd1 1-0

[Event "Morbihan-ch 0809"]
[Site "Morbihan"]
[Date "2009.01.24"]
[Round "4"]
[White "Potier, Pierre"]
[Black "Le Coz, Yannick"]
[Result "1-0"]
[WhiteElo "1630"]
[BlackElo "1688"]
[PlyCount "129"]
[EventDate "2008.10.??"]
[EventType "tourn"]
[EventRounds "7"]
[EventCountry "FRA"]
[SourceTitle "EXT 2010"]
[Source "ChessBase"]
[SourceDate "2010.11.25"]
[SourceVersion "1"]
[SourceVersionDate "2010.11.25"]
[SourceQuality "1"]

1. d4 d5 2. Nf3 c5 3. Nc3 cxd4 4. Nxd4 e5 5. Nb3 d4 6. Ne4 f5 7. Ng3 Nf6 8. e3 Nc6 9. Bb5 Bc5 10. Bxc6+ bxc6 11. Nxc5 Qa5+ 12. Qd2 Qxc5 13. exd4 exd4 14. 0-0 Kf7 15. Ne2 Ba6 16. Rd1 Bxe2 17. Qxe2 Rhe8 18. Qd3 h6 19. Bd2 Rad8 20. Qb3+ Qd5 21. c4 dxc3 22. bxc3 Qxb3 23. axb3 Rd7 24. Be3 Rxd1+ 25. Rxd1 a6 26. h3 g5 27. Rd6 Re6 28. Rd3 f4 29. Bc5 Kg6 30. f3 Kf5 31. Rd8 Re8 32. Rd6 Nd5 33. Bd4 Re6 34. Rd8 Ne7 35. Ra8 Ng6 36. Rxa6 Nh4 37. Kf2 Rd6 38. b4 Ke6 39. Ra5 Rd5 40. Ra6 Kd7 41. Ra7+ Kc8 42. Rh7 Rd6 43. Rh8+ Kb7 44. Rh7+ Ka6 45. Ra7+ Kb5 46. Ra5+ Kc4 47. Rc5+ Kd3 48. Be5 Re6 49. g3 fxg3+ 50. Kxg3 Ng6 51. Bd4 Nf4 52. Kg4 Ne2 53. Re5 Rxe5 54. Bxe5 Nxc3 55. Bg7 Nd5 56. Bf8 Kc4 57. Bxh6 Kxb4 58. Kxg5 Nc7 59. f4 Kc4 60. f5 Kd5 61. f6 Ne6+ 62. Kg6 Ke5 63. Bg7 Kf4 64. h4 c5 65. f7 1-0

[Event "Fouesnant op 14th"]
[Site "Fouesnant"]
[Date "2008.11.01"]
[Round "9"]
[White "Delaire, Eric"]
[Black "Le Coz, Yannick"]
[Result "1-0"]
[WhiteElo "1862"]
[BlackElo "1701"]
[PlyCount "83"]
[EventDate "2008.10.25"]
[EventType "swiss"]
[EventRounds "9"]
[EventCountry "FRA"]
[SourceTitle "EXT 2009"]
[Source "ChessBase"]
[SourceDate "2008.11.26"]
[SourceVersion "1"]
[SourceVersionDate "2008.11.26"]
[SourceQuality "1"]

1. e4 e5 2. Nf3 Nc6 3. Bb5 Nf6 4. 0-0 Be7 5. Re1 d6 6. c3 Bg4 7. h3 Bh5 8. d3 0-0 9. Nbd2 Ne8 10. Nf1 Bh4 11. Ne3 Bxf3 12. Qxf3 Qf6 13. Qe2 Ne7 14. Rf1 Qg6 15. d4 Nf6 16. Bd3 Nh5 17. Nf5 Bf6 18. f4 Rfe8 19. Nxe7+ Rxe7 20. f5 Qg3 21. Be3 Nf4 22. Bxf4 exf4 23. Rf3 Qh4 24. Qd2 Bg5 25. Qf2 Qxf2+ 26. Kxf2 Bh4+ 27. Ke2 Bg3 28. b4 f6 29. Bc4+ Kf8 30. Be6 c6 31. a4 g6 32. c4 Rd8 33. d5 Rc7 34. dxc6 bxc6 35. Rd3 Rb7 36. b5 cxb5 37. axb5 Rc7 38. Rda3 gxf5 39. exf5 Ra8 40. b6 Rb7 41. Rxa7 Rbxa7 42. bxa7 1-0

[Event "Fouesnant op 14th"]
[Site "Fouesnant"]
[Date "2008.10.28"]
[Round "5"]
[White "Rabier, Jean"]
[Black "Le Coz, Yannick"]
[Result "1-0"]
[WhiteElo "1913"]
[BlackElo "1701"]
[PlyCount "59"]
[EventDate "2008.10.25"]
[EventType "swiss"]
[EventRounds "9"]
[EventCountry "FRA"]
[SourceTitle "EXT 2009"]
[Source "ChessBase"]
[SourceDate "2008.11.26"]
[SourceVersion "1"]
[SourceVersionDate "2008.11.26"]
[SourceQuality "1"]

1. e4 e5 2. Nf3 Nc6 3. Bb5 Nf6 4. 0-0 Bc5 5. d3 h6 6. Nbd2 0-0 7. Nb3 Bb6 8. Bxc6 dxc6 9. Nxe5 Qe7 10. Nc4 Bg4 11. Qe1 Nd7 12. Nxb6 Nxb6 13. Be3 Nd7 14. f4 b6 15. Qg3 Bh5 16. Nd4 c5 17. Nf5 Qf6 18. Qh3 Bg6 19. Nh4 Rad8 20. e5 Qc6 21. f5 Bh7 22. Qg3 Rfe8 23. e6 Nf8 24. Bxh6 Ng6 25. exf7+ Kh8 26. fxe8Q+ Rxe8 27. fxg6 gxh6 28. gxh7 Qd7 29. Ng6+ Kxh7 30. Nf8+ 1-0

[Event "Fouesnant op 13th"]
[Site "Fouesnant"]
[Date "2007.10.31"]
[Round "6"]
[White "Kerbaol, Jacques"]
[Black "Le Coz, Yannick"]
[Result "0-1"]
[WhiteElo "1812"]
[BlackElo "1709"]
[PlyCount "120"]
[EventDate "2007.10.27"]
[EventType "swiss"]
[EventRounds "9"]
[EventCountry "FRA"]
[SourceTitle "EXT 2008"]
[Source "ChessBase"]
[SourceDate "2007.11.25"]
[SourceVersion "1"]
[SourceVersionDate "2007.11.25"]
[SourceQuality "1"]

1. e4 e5 2. Nf3 Nc6 3. Bc4 Bc5 4. d3 d6 5. 0-0 Bg4 6. h3 Bh5 7. c3 Qf6 8. Nbd2 0-0-0 9. b4 Bb6 10. a4 a6 11. b5 axb5 12. axb5 Na5 13. Bd5 Ne7 14. c4 Nxd5 15. cxd5 g5 16. g4 Bg6 17. Nc4 Nxc4 18. Bxg5 Qg7 19. dxc4 f6 20. Be3 Bxe3 21. fxe3 Bxe4 22. Nd2 Bd3 23. Rf2 h5 24. e4 Qg6 25. Qf3 hxg4 26. Qxd3 Rxh3 27. Qe2 Kd7 28. Rh2 Rg8 29. Rxh3 gxh3+ 30. Kh2 Qg2+ 31. Qxg2 Rxg2+ 32. Kxh3 Rxd2 33. Rg1 b6 34. Kg4 Rd4 35. Kf5 Rxc4 36. Rb1 Rd4 37. Rb2 Rc4 38. Rb1 Ke7 39. Rb2 Kf7 40. Rb1 Rc2 41. Rb3 Rf2+ 42. Kg4 Rf4+ 43. Kg3 Rxe4 44. Rc3 Rd4 45. Rxc7+ Kg6 46. Rc6 Rxd5 47. Rxb6 Rc5 48. Rb8 d5 49. b6 Rb5 50. b7 Kf5 51. Kf3 Rb3+ 52. Kg2 d4 53. Kf2 e4 54. Ke2 Kf4 55. Kd2 d3 56. Rh8 Rxb7 57. Rh4+ Ke5 58. Ke3 f5 59. Rh5 Rb2 60. Rh2 f4# 0-1

[Event "Hennebont Grand Prix"]
[Site "Hennebont"]
[Date "2006.08.06"]
[Round "4"]
[White "Forlot, Dominique"]
[Black "Le Coz, Yannick"]
[Result "0-1"]
[WhiteElo "1300"]
[BlackElo "1710"]
[PlyCount "139"]
[EventDate "2006.08.05"]
[EventType "swiss"]
[EventRounds "7"]
[EventCountry "FRA"]
[SourceTitle "EXT 2007"]
[Source "ChessBase"]
[SourceDate "2006.11.23"]
[SourceVersion "1"]
[SourceVersionDate "2006.11.23"]
[SourceQuality "1"]

1. e4 e5 2. Nf3 Nc6 3. Bb5 Nf6 4. 0-0 d6 5. Re1 Bd7 6. c3 a6 7. Ba4 b5 8. Bc2 Bg4 9. d4 Be7 10. d5 Na5 11. b3 0-0 12. Nbd2 h6 13. b4 Nc4 14. Nxc4 bxc4 15. a4 Nh7 16. a5 Bg5 17. Bxg5 Nxg5 18. Re3 Qf6 19. Ba4 Nxf3+ 20. Rxf3 Bxf3 21. Qxf3 Qxf3 22. gxf3 f5 23. Bc6 Rab8 24. b5 fxe4 25. fxe4 g5 26. bxa6 Kg7 27. a7 Rbd8 28. a8Q Rxa8 29. Bxa8 Rxa8 30. a6 Kg6 31. Kg2 g4 32. Kg3 Kg5 33. f3 gxf3 34. Kxf3 h5 35. a7 h4 36. Ra2 Rf8+ 37. Kg2 Ra8 38. Ra1 Kg4 39. Ra2 h3+ 40. Kf1 Kf3 41. Ra4 Kxe4 42. Rxc4+ Kd3 43. Rxc7 e4 44. Ke1 e3 45. c4 Rg8 46. Rf7 Kxc4 47. Rf3 Kd4 48. Kf1 Ra8 49. Rf7 Kxd5 50. Ke2 Kd4 51. Re7 d5 52. Rxe3 Rxa7 53. Rxh3 Ra2+ 54. Kd1 Rg2 55. Ke1 Kc4 56. Kf1 Ra2 57. Rh4+ d4 58. h3 Kc3 59. Rh7 Kd2 60. Rd7 d3 61. Rc7 Kd1 62. h4 Re2 63. h5 Rh2 64. Rc5 Kd2 65. Kg1 Rh4 66. Kf2 Rf4+ 67. Kg1 Ke3 68. h6 d2 69. Re5+ Kd4 70. Re7 0-1

[Event "Angers op 1st"]
[Site "Angers"]
[Date "2006.05.08"]
[Round "6"]
[White "Cyrille, Dominique"]
[Black "Le Coz, Yannick"]
[Result "0-1"]
[WhiteElo "1590"]
[BlackElo "1810"]
[PlyCount "138"]
[EventDate "2006.05.06"]
[EventType "swiss"]
[EventRounds "6"]
[EventCountry "FRA"]
[SourceTitle "EXT 2007"]
[Source "ChessBase"]
[SourceDate "2006.11.23"]
[SourceVersion "1"]
[SourceVersionDate "2006.11.23"]
[SourceQuality "1"]

1. e4 e5 2. Nf3 Nc6 3. d4 exd4 4. Nxd4 Nge7 5. Be3 d6 6. Bc4 Ne5 7. Bb3 N7c6 8. c3 Be7 9. 0-0 Ng4 10. Bf4 Nxd4 11. cxd4 Bg5 12. Qf3 0-0 13. Nc3 Kh8 14. Rad1 c6 15. e5 d5 16. Rfe1 Nh6 17. Qe3 Bxf4 18. Qxf4 Be6 19. Bc2 g5 20. Qg3 Kg7 21. f4 g4 22. Qf2 Nf5 23. Ne2 h5 24. Bxf5 Bxf5 25. Ng3 Kg6 26. Nxf5 Kxf5 27. g3 Ke6 28. f5+ Kd7 29. e6+ fxe6 30. fxe6+ Ke7 31. Qe3 Rf6 32. Qg5 Qh8 33. Re5 Qh6 34. Qxh5 Qxh5 35. Rxh5 Kxe6 36. Rg5 Raf8 37. Rd2 b6 38. Rxg4 c5 39. dxc5 bxc5 40. Ra4 R8f7 41. Ra6+ Ke5 42. Re2+ Kd4 43. Ra4+ Kd3 44. Re1 d4 45. b4 Kd2 46. Ra1 cxb4 47. Rxb4 d3 48. a4 Kc3 49. Rb8 Rd6 50. Rc8+ Kd2 51. Rcc1 Re7 52. Rd1+ Kc3 53. Rac1+ Kd4 54. Kg2 Re2+ 55. Kh3 Rh6+ 56. Kg4 Rhxh2 57. Rb1 d2 58. Rb7 Re1 59. Rd7+ Kc3 60. Rc7+ Kb2 61. Rb7+ Ka2 62. Rxd2+ Rxd2 63. Rxa7 Re4+ 64. Kf5 Rb4 65. g4 Rd5+ 66. Ke6 Rg5 67. a5 Rgxg4 68. Ra8 Rb5 69. a6 Ra5 0-1

[Event "Morbihan-ch 0506"]
[Site "Arradon"]
[Date "2006.03.18"]
[Round "6"]
[White "Deslias, Gregoire"]
[Black "Le Coz, Yannick"]
[Result "1-0"]
[WhiteElo "1490"]
[BlackElo "1888"]
[PlyCount "191"]
[EventDate "2005.10.01"]
[EventType "swiss"]
[EventRounds "7"]
[EventCountry "FRA"]
[SourceTitle "EXT 2007"]
[Source "ChessBase"]
[SourceDate "2006.11.23"]
[SourceVersion "1"]
[SourceVersionDate "2006.11.23"]
[SourceQuality "1"]

1. d4 d5 2. c4 c5 3. dxc5 d4 4. e3 Nc6 5. Nf3 e5 6. a3 Bxc5 7. b4 Bb6 8. c5 Bc7 9. Bb5 Nge7 10. Bb2 a6 11. Bc4 b5 12. Ba2 d3 13. Ng5 0-0 14. Qb3 Qe8 15. Qxd3 Bf5 16. e4 Bg6 17. Qg3 Rd8 18. 0-0 Nd4 19. Bxd4 Rxd4 20. Nc3 Nc6 21. Nd5 Bb8 22. Rad1 Kh8 23. Qh3 Nd8 24. Rxd4 exd4 25. Rd1 f6 26. Nf3 Nc6 27. Nxd4 Nxd4 28. Rxd4 Bxe4 29. Qe3 Bg6 30. Qxe8 Rxe8 31. Ne3 Be5 32. Rd2 h6 33. c6 Be4 34. Bd5 Bg6 35. Bf3 Rc8 36. g3 Be8 37. Rc2 Bg6 38. Rd2 Be8 39. Rc2 Bg6 40. Rd2 Be8 41. Rc2 h5 42. Nd5 Rxc6 43. Rxc6 Bxc6 44. Kg2 Bb2 45. Nc7 Bxf3+ 46. Kxf3 Bxa3 47. Nxa6 g6 48. Ke4 g5 49. Kd4 Bb2+ 50. Kc5 Be5 51. Kxb5 Bd4 52. f3 g4 53. fxg4 hxg4 54. Nc5 Bg1 55. Ne4 Kg7 56. Kc6 f5 57. Nd2 Bxh2 58. Nf1 Bg1 59. b5 Kf6 60. b6 Ke5 61. b7 Ba7 62. Kc7 Ke4 63. Nd2+ Kd3 64. Nb3 Ke3 65. Na5 f4 66. Nc6 Bb8+ 67. Kxb8 f3 68. Kc7 f2 69. b8Q f1Q 70. Qe8+ Kf3 71. Nd4+ Kxg3 72. Qe5+ Kg2 73. Qe4+ Kh3 74. Qh7+ Kg3 75. Nf5+ Kf4 76. Qh6+ Kf3 77. Qe3+ Kg2 78. Nh4+ Kh2 79. Qe5+ Kh3 80. Nf5 Qf3 81. Qh8+ Kg2 82. Nh4+ Kg3 83. Nxf3 gxf3 84. Qg7+ Kh2 85. Qh6+ Kg2 86. Qg5+ Kh2 87. Qd2+ Kg1 88. Qe1+ Kg2 89. Qe4 Kg3 90. Qg6+ Kh2 91. Qf5 Kg3 92. Qg5+ Kh2 93. Kd6 f2 94. Qf4+ Kg2 95. Qd2 Kg1 96. Qe3 1-0

[Event "Morbihan-ch 0506"]
[Site "Arradon"]
[Date "2005.12.10"]
[Round "3"]
[White "Peyre, Jean Jacques"]
[Black "Le Coz, Yannick"]
[Result "1-0"]
[WhiteElo "1660"]
[BlackElo "1846"]
[PlyCount "77"]
[EventDate "2005.10.01"]
[EventType "swiss"]
[EventRounds "7"]
[EventCountry "FRA"]
[SourceTitle "EXT 2007"]
[Source "ChessBase"]
[SourceDate "2006.11.23"]
[SourceVersion "1"]
[SourceVersionDate "2006.11.23"]
[SourceQuality "1"]

1. c4 c5 2. Nc3 Nc6 3. Nf3 e6 4. e4 Nf6 5. d3 h6 6. g3 e5 7. Bg2 d6 8. h3 Be6 9. 0-0 Qd7 10. Kh2 g5 11. Nd5 Be7 12. Ng1 0-0-0 13. a3 Rdg8 14. Be3 g4 15. h4 Nh5 16. Nxe7+ Nxe7 17. b4 b6 18. b5 f5 19. exf5 Nxf5 20. Ne2 Rg7 21. Qd2 Nf6 22. a4 Kd8 23. a5 Ke7 24. axb6 axb6 25. Ra6 h5 26. Rfa1 Rc8 27. Rxb6 d5 28. Raa6 Bg8 29. Rxf6 dxc4 30. Qb2 Nd4 31. Nxd4 exd4 32. Bg5 Ke8 33. Bc6 Rxc6 34. bxc6 Qc8 35. Qa3 Rc7 36. Ra8 c3 37. Rxc8+ Rxc8 38. Qxc5 Bf7 39. Rh6 1-0